Deutsche Fußball-Nationalspieler 2007 - Statistiken

Allgemein
  • Dieses Quiz wurde 90 mal gespielt
  • Das Durchschnittsergebnis liegt bei 16 aus 33
Antwortstatistiken
Hint Antwort % Korrekt
Abwehr Philipp Lahm
97%
Angriff Miroslav Klose
96%
Tor Jens Lehmann
95%
Angriff Lukas Podolski
95%
Mittelfeld Bastian Schweinsteiger
91%
Mittelfeld Michael Ballack
81%
Abwehr Per Mertesacker
80%
Angriff Mario Gomez
76%
Mittelfeld Torsten Frings
73%
Angriff David Odonkor
62%
Abwehr Arne Friedrich
58%
Tor Robert Enke
58%
Abwehr Christoph Metzelder
57%
Abwehr Manuel Friedrich
57%
Angriff Oliver Neuville
53%
Mittelfeld Tim Borowski
51%
Mittelfeld Bernd Schneider
50%
Tor Timo Hildebrand
49%
Mittelfeld Thomas Hitzlsperger
39%
Angriff Kevin Kurányi
38%
Angriff Stefan Kießling
32%
Abwehr Marcell Jansen
31%
Mittelfeld Simon Rolfes
31%
Abwehr Clemens Fritz
27%
Angriff Mike Hanke
27%
Mittelfeld Piotr Trochowski
27%
Angriff Patrick Helmes
23%
Angriff Jan Schlaudraff
20%
Mittelfeld Roberto Hilbert
20%
Abwehr Alexander Madlung
12%
Mittelfeld Christian Pander
12%
Mittelfeld Gonzalo Castro
11%
Mittelfeld Paul Freier
9%
Keine übereinstimmenden Quizze gefunden
Verteilung der Resultate
Anzahl Personen mit jedem Resultat
Perzentil nach korrekt beantworteten Fragen
Ihre Resultats-Entwicklung
Sie haben dieses Quiz noch nicht gespielt